Estudio del lavado con agua del cianuro contenido en colas auríferas de la Mina el Limón.

Presenta el estudio del comportamiento de la concentración del cianuro libre y la determinación de la cantidad de agua necesaria durante el lavado con agua destilada de los resíduos semisólidos cianurados generados en el proceso de beneficio del oro en la mina El Limón en el año 2003 - 2004.De...

Full description

Bibliographic Details
Main Author: Santillán Tchmyrev, Robert Robertovich
Other Authors: Tutor: Ramírez Meza, Javier
Format: Tesis Section = Libro
Language:Undetermined
Spanish
Published: Managua UNI 2004
Subjects:
LEADER 01371nam a2200265Ia 4500
008 240830s9999 xx 000 0 und d
040 |a CEDOC DACA-RUSB / Mon 622 S235 
041 |a spa 
082 |a Mon 622 S235 
100 1 |a Santillán Tchmyrev, Robert Robertovich 
245 1 0 |a Estudio del lavado con agua del cianuro contenido en colas auríferas de la Mina el Limón. 
260 |a Managua  |b UNI  |c 2004 
300 |a 62 p. :il 
500 |a Contiene apéndices 
502 |a Tesis (Ingeniero Químico) -UNI, 2004. 
520 3 |a Presenta el estudio del comportamiento de la concentración del cianuro libre y la determinación de la cantidad de agua necesaria durante el lavado con agua destilada de los resíduos semisólidos cianurados generados en el proceso de beneficio del oro en la mina El Limón en el año 2003 - 2004.Determina parámetros o condiciones como humedad inicial del material, densidad del lecho, densidad de partícula, porosidad total y contenido de cianuro en las obras. 
650 7 |a MINERIA - CIANURO - MINA EL LIMON 
650 7 |b  MANEJO AMBIENTAL - COLAS - EL LIMON. 
650 7 |c  CARACTERISTICAS DE COLAS AURIFERAS - EL LIMON. 
650 7 |d  PROPIEDADES - MEDIOS POROSOS. 
650 7 |e  TRANSPORTE DE SOLUTO - MEDIOS POROSOS 
700 1 |a Tutor:  |b Ramírez Meza, Javier 
942 |c BK  |2 ddc 
991 |a TESIS 
999 |c 26158